Central Library OPAC University of Rajshahi

বাঙলার বাউল : (Record no. 52813)

MARC details
000 -LEADER
fixed length control field 01086nam a2200241 a 4500
001 - CONTROL NUMBER
control field 52813
003 - CONTROL NUMBER IDENTIFIER
rucl marc code BD-RjUL
005 - DATE AND TIME OF LATEST TRANSACTION
control field 20211209075850.0
008 - FIXED-LENGTH DATA ELEMENTS--GENERAL INFORMATION
fixed length control field 160927s1964 ii a|||| b||| 00| 0 ben d
020 ## - INTERNATIONAL STANDARD BOOK NUMBER
Terms of availability : Tk. 5.00
035 ## - SYSTEM CONTROL NUMBER
System control number (BD-RjUL)52933
040 ## - CATALOGING SOURCE
Original cataloging agency BD-RjUL
Language of cataloging ben
Transcribing agency BD-RjUL
041 ## - LANGUAGE CODE
Language code of text/sound track or separate title ben
082 ## - DEWEY DECIMAL CLASSIFICATION NUMBER
Edition number 23
Classification number 398.209
Author mark and year BAB 1964
100 ## - MAIN ENTRY--PERSONAL NAME
Personal name বন্দ্যোপাধ্যায়, সোমেন্দ্রনাথ
9 (RLIN) 127267
245 10 - TITLE STATEMENT
Title বাঙলার বাউল :
Remainder of title কাব্য ও দর্শন /
Statement of responsibility, etc. সোমেন্দ্রনাথ বন্দ্যোপাধ্যায়
260 ## - PUBLICATION, DISTRIBUTION, ETC. (IMPRINT)
Place of publication, distribution, etc. কলিকাতা :
Name of publisher, distributor, etc. বুকল্যাণ্ড প্রাইভেট লি:,
Date of publication, distribution, etc. ১৯৬৪
300 ## - PHYSICAL DESCRIPTION
Pagination [১৮], ১৯৯ পৃ. :
Illustrations চিত্র ;
Size ২৩ সেমি.
504 ## - BIBLIOGRAPHY, ETC. NOTE
Bibliography, etc গ্রন্থপঞ্জি সংযুক্ত
650 ## - SUBJECT ADDED ENTRY--TOPICAL TERM
Topical term or geographic name as entry element লোকসাহিত্য
General subdivision ইতিহাস ও সমালোচনা
9 (RLIN) 157932
Topical term or geographic name as entry element Folk Literature
General subdivision History and Criticism
9 (RLIN) 157933
942 ## - ADDED ENTRY ELEMENTS (KOHA)
Source of classification or shelving scheme Dewey Decimal Classification
Koha item type Books
Holdings
Lost status Source of classification or shelving scheme Damaged status Not for loan Collection code Permanent Location Current Location Shelving location Date acquired Source of acquisition Total Checkouts Full call number Date last seen Copy number Koha item type Cost, normal purchase price Date checked out
  Dewey Decimal Classification     Non-fiction Central Library, University of Rajshahi Central Library, University of Rajshahi   20/01/1973 India Gov.   B 398.209 BAB 1964 27/09/2016 C-2 Books    
  Dewey Decimal Classification     Non-fiction Central Library, University of Rajshahi Central Library, University of Rajshahi   05/11/1974 Jonathon wren and Co-london 1 B 398.209 BAB 1964 24/05/2017 C-3 Books 5.00 23/05/2017